[Event "14. Bayer Open"]
[Site "Leverkusen"]
[Date "2016.02.01"]
[Round "3.29"]
[White "Vranidis, Georgios"]
[Black "Hegmann, Werner"]
[Result "1/2-1/2"]
[WhiteElo "1835"]
[BlackElo "1551"]
[PlyCount "53"]
[EventDate "2016.??.??"]
[WhiteTeam "SC Solingen 28"]
[BlackTeam "SV Opladen"]

1. e4 e5 2. Bc4 Bc5 3. Nc3 Nf6 4. Nge2 c6 5. d4 exd4 6. Nxd4 O-O 7. Bg5 d5 8.
exd5 cxd5 9. Be2 h6 10. Bh4 Bb4 11. Qd3 Nc6 12. O-O Be7 13. a3 a6 14. Rad1 Be6
15. Bg3 Nxd4 16. Qxd4 Bd6 17. Bh4 Be7 18. Bd3 b5 19. Rfe1 Rc8 20. b4 Qd7 21.
Rd2 Rc7 22. Bg3 Bd6 23. Bxd6 Qxd6 24. Ne4 Nxe4 25. Rxe4 Bf5 26. Re3 Bxd3 27.
Rexd3 1/2-1/2

[Event "14. Bayer Open"]
[Site "Leverkusen"]
[Date "2016.02.01"]
[Round "3.30"]
[White "Vranidis, Athanassios"]
[Black "Elshani, Shaip"]
[Result "1-0"]
[WhiteElo "1838"]
[BlackElo "1582"]
[PlyCount "111"]
[EventDate "2016.??.??"]
[WhiteTeam "SG Solingen"]
[BlackTeam "SC Bayer Leverkusen"]

1. d4 e6 2. c4 c5 3. d5 d6 4. Nc3 a6 5. a4 e5 6. e4 Be7 7. Bd3 Nf6 8. h3 O-O 9.
Nf3 Nbd7 10. O-O a5 11. Be3 Nh5 12. Qd2 Nb6 13. Be2 Nf6 14. b3 Bd7 15. Ne1 Qc8
16. Kh2 Kh8 17. f4 Qc7 18. fxe5 dxe5 19. Nd3 Bd6 20. Qe1 Nc8 21. Bg5 Ng8 22.
Qh4 f6 23. Be3 b6 24. Bg4 Be7 25. Qg3 Nd6 26. Nb5 Bxb5 27. axb5 Nxe4 28. Qf3
Nd6 29. Qf2 Rae8 30. Be6 Ne4 31. Qf3 Ng5 32. Bxg5 fxg5 33. Qe4 Nf6 34. Rxf6
Bxf6 35. Nf2 Be7 36. Nd3 Bd6 37. Kg1 Rf6 38. Rf1 Ref8 39. Rxf6 Rxf6 40. Qg4 h6
41. Qh5 Qe7 42. Qg4 Qf8 43. Qe4 Rf1+ 44. Kh2 Rb1 45. Nxc5 Qf4+ 46. Qxf4 exf4
47. Ne4 f3+ 48. g3 Rb2+ 49. Kg1 Bc5+ 50. Nxc5 bxc5 51. d6 Re2 52. d7 Rxe6 53.
d8=Q+ Kh7 54. Qd3+ Kg8 55. Qxf3 Rf6 56. Qxf6 1-0

[Event "14. Bayer Open"]
[Site "Leverkusen"]
[Date "2016.02.01"]
[Round "3.31"]
[White "Kopernok, Ingo"]
[Black "Pützkaul, Karl"]
[Result "0-1"]
[WhiteElo "1341"]
[BlackElo "1695"]
[PlyCount "82"]
[EventDate "2016.??.??"]
[WhiteTeam "SG Solingen"]
[BlackTeam "SC Bayer Leverkusen"]

1. d4 d5 2. Bf4 Nf6 3. Nf3 c5 4. e3 Nc6 5. Nc3 Bg4 6. Nb5 Rc8 7. dxc5 e5 8. Bg3
a6 9. Bxe5 Nxe5 10. Nbd4 Bxc5 11. Be2 Bxf3 12. gxf3 Bxd4 13. exd4 Ng6 14. Qd2
Qd6 15. O-O-O Qf4 16. Rhe1 Qxd2+ 17. Rxd2 O-O 18. Bd3 Rfe8 19. Red1 Re7 20. c3
Rce8 21. Kc2 Nf4 22. Bf5 g6 23. Bd3 Nxd3 24. Kxd3 Re1 25. c4 Rxd1 26. Rxd1
dxc4+ 27. Kxc4 Rc8+ 28. Kb3 Nd5 29. Re1 Kf8 30. Re5 Ne7 31. Rc5 Ke8 32. Rxc8+
Nxc8 33. Kb4 Kd7 34. Kc5 b6+ 35. Kd5 f6 36. a4 Ne7+ 37. Kc4 Kc6 38. b4 b5+ 39.
axb5+ axb5+ 40. Kd3 Kd5 41. f4 Nc6 0-1

[Event "14. Bayer Open"]
[Site "Leverkusen"]
[Date "2016.02.01"]
[Round "3.32"]
[White "Kuhn, Andreas"]
[Black "Janssen, Wolfgang"]
[Result "1-0"]
[WhiteElo "1831"]
[BlackElo "1588"]
[PlyCount "85"]
[EventDate "2016.??.??"]
[WhiteTeam "SG Niederkassel"]
[BlackTeam "SV Dormagen"]

1. d4 Nf6 2. c4 g6 3. g3 c5 4. Nf3 cxd4 5. Nxd4 Bg7 6. Bg2 O-O 7. Nc3 a6 8. O-O
Nc6 9. c5 e5 10. Nb3 Re8 11. e4 b6 12. cxb6 Qxb6 13. Be3 Qc7 14. Nd5 Qd6 15.
Bc5 Qe6 16. Nc7 Qg4 17. Qxg4 Nxg4 18. Nxe8 Bf8 19. Bxf8 Kxf8 20. Nd6 a5 21.
Rfd1 Ke7 22. Nxc8+ Rxc8 23. Rac1 Rb8 24. Rd2 a4 25. Nc5 Nd4 26. Nxa4 d6 27.
Rc7+ Kf6 28. h3 Nh6 29. Nc3 Ng8 30. Ne2 Nb5 31. Rcc2 Ke6 32. a4 Na7 33. h4 Ne7
34. Nc3 Nec6 35. Nb5 Nxb5 36. Rxc6 Nd4 37. Rc3 Rb4 38. b3 h5 39. f3 f5 40. Kf2
Rb7 41. Bf1 fxe4 42. fxe4 Rf7+ 43. Kg2 1-0

[Event "14. Bayer Open"]
[Site "Leverkusen"]
[Date "2016.02.01"]
[Round "3.34"]
[White "Schlenter, Rüdiger"]
[Black "Meyer zu Kniendorf, Jochen"]
[Result "1-0"]
[WhiteElo "1835"]
[BlackElo "1483"]
[PlyCount "75"]
[EventDate "2016.??.??"]
[WhiteTeam "SV Mülheim-Nord"]
[BlackTeam "Düsseldorfer SK"]

1. Nf3 g6 2. g3 Bg7 3. d4 c5 4. Bg2 cxd4 5. Nxd4 Nc6 6. Nxc6 bxc6 7. O-O Rb8 8.
c3 Nf6 9. Qc2 O-O 10. Nd2 Re8 11. b3 Qc7 12. c4 d6 13. Bb2 e5 14. e4 Be6 15.
Nf3 h6 16. c5 Nd7 17. cxd6 Qxd6 18. Rfd1 Qc7 19. Rac1 Rbc8 20. Ba3 Bf8 21. Bxf8
Rxf8 22. Nd2 Nb6 23. Bf1 Qb8 24. Nc4 Nxc4 25. Bxc4 Bxc4 26. Qxc4 Qb5 27. Rd6
Qa5 28. Rxg6+ Kh7 29. Rf6 Kg7 30. Rf5 Qxa2 31. Rxe5 Rc7 32. Qc3 f6 33. Re6 Qe2
34. Re1 Qb5 35. e5 f5 36. Rd6 Kh7 37. Qe3 f4 38. Qe4+ 1-0

[Event "14. Bayer Open"]
[Site "Leverkusen"]
[Date "2016.02.01"]
[Round "3.35"]
[White "Witte, Volker"]
[Black "Diaubalick, Ulrich"]
[Result "1-0"]
[WhiteElo "1685"]
[BlackElo "1537"]
[PlyCount "97"]
[EventDate "2016.??.??"]
[WhiteTeam "SF Schlebusch"]
[BlackTeam "SF Düsseldorf-Süd"]

1. d4 Nf6 2. c4 b6 3. Nf3 Bb7 4. g3 e6 5. Bg2 Be7 6. O-O O-O 7. Nc3 a6 8. Qc2
c5 9. dxc5 Bxc5 10. e4 Nc6 11. e5 Ne8 12. a3 Nd4 13. Nxd4 Bxg2 14. Nxe6 dxe6
15. Kxg2 Qc7 16. Qe4 Rd8 17. Ne2 Be7 18. Be3 Rc8 19. b3 Qc6 20. Qxc6 Rxc6 21.
Nd4 Rc8 22. Rfc1 Bc5 23. b4 Be7 24. Nf3 Bd8 25. c5 b5 26. Rd1 Nc7 27. Bd2 Nd5
28. a4 h6 29. axb5 axb5 30. Nd4 Rb8 31. f4 g5 32. Kf3 Kh7 33. Ra7 Kg6 34. Rda1
h5 35. Ra8 g4+ 36. Ke2 Bc7 37. Rxb8 Rxb8 38. Kd3 Ne7 39. Ra7 Bd8 40. Rd7 Nd5
41. Nxb5 Nxb4+ 42. Bxb4 Rxb5 43. Rxd8 Rxb4 44. Rg8+ Kh7 45. Rc8 Rb2 46. c6 Rxh2
47. c7 h4 48. Rf8 Kg6 49. Rg8+ 1-0

[Event "14. Bayer Open"]
[Site "Leverkusen"]
[Date "2016.02.01"]
[Round "3.36"]
[White "Asadzade, Idris"]
[Black "Bießner, Eberhard"]
[Result "0-1"]
[WhiteElo "1654"]
[BlackElo "1719"]
[PlyCount "144"]
[EventDate "2016.??.??"]
[WhiteTeam "Königsspringer Leverkusen"]
[BlackTeam "Rheydter SV"]

1. Nf3 Nf6 2. c4 d5 3. cxd5 Nxd5 4. e4 Nb6 5. d4 c6 6. Nc3 Bg4 7. Be3 e6 8. Be2
Be7 9. O-O N8d7 10. Qc2 O-O 11. Rfd1 Qc7 12. Rac1 Rac8 13. Rd2 Bxf3 14. Bxf3
Nc4 15. Re2 Nxe3 16. Rxe3 Bg5 17. Rce1 Bxe3 18. Rxe3 e5 19. d5 cxd5 20. exd5 f5
21. Qb3 Kh8 22. Be2 Nc5 23. Qa3 a6 24. Qb4 e4 25. Qd4 Rf6 26. Rh3 Qd6 27. b4
Nd7 28. Re3 Qe5 29. Qxe5 Nxe5 30. f3 Nc4 31. Bxc4 Rxc4 32. fxe4 fxe4 33. a3 Kg8
34. h3 Rd6 35. Kf2 Rd8 36. Kg3 g5 37. Kg4 h6 38. Kf5 Kf7 39. Ke5 Re8+ 40. Kf5
Rd4 41. Rxe4 Rexe4 42. Nxe4 Rxd5+ 43. Kg4 Kg6 44. Nc5 b6 45. Nxa6 h5+ 46. Kf3
Rd3+ 47. Ke2 Rxa3 48. Nc7 Ra2+ 49. Kf3 Rb2 50. Nd5 b5 51. g4 h4 52. Ne7+ Kf6
53. Nc6 Rb3+ 54. Kg2 Kf7 55. Ne5+ Ke6 56. Nf3 Rxb4 57. Nxg5+ Kf6 58. Nf3 Rb2+
59. Kf1 Rb3 60. Ke2 b4 61. g5+ Kg6 62. Nxh4+ Kxg5 63. Nf3+ Kf4 64. Nd4 Rxh3 65.
Kd2 Ke4 66. Nc6 b3 67. Nb4 Kd4 68. Nc6+ Kc5 69. Ne5 Kb4 70. Nc6+ Ka3 71. Kc1
b2+ 72. Kc2 Rh2+ 0-1

[Event "14. Bayer Open"]
[Site "Leverkusen"]
[Date "2016.02.01"]
[Round "3.37"]
[White "Liebsch, Felix"]
[Black "Wotzka, Anton"]
[Result "1-0"]
[WhiteElo "1758"]
[BlackElo "1507"]
[PlyCount "81"]
[EventDate "2016.??.??"]
[WhiteTeam "SC Bayer Leverkusen"]
[BlackTeam "SF Schlebusch"]

1. e4 e5 2. Nf3 Nc6 3. Bb5 a6 4. Ba4 Nf6 5. O-O b5 6. Bb3 Be7 7. Re1 O-O 8. c3
d6 9. a4 Bb7 10. d4 h6 11. Nbd2 Re8 12. Nf1 Bf8 13. Ng3 Qc8 14. a5 Rb8 15. d5
Ne7 16. Nh4 Qg4 17. Qxg4 Nxg4 18. f3 Nf6 19. Nhf5 Nxf5 20. Nxf5 Bc8 21. g4 Bxf5
22. gxf5 Nd7 23. Bc2 g5 24. Bd2 f6 25. b4 Kh7 26. Bd3 Ra8 27. c4 bxc4 28. Bxc4
Reb8 29. Rec1 h5 30. Bxa6 Rxa6 31. Rxc7 Rd8 32. b5 Raa8 33. a6 Kg8 34. Be3 Nc5
35. a7 Rd7 36. Rxd7 Nxd7 37. Rc1 Nc5 38. b6 Kf7 39. Bxc5 dxc5 40. b7 Rxa7 41.
b8=Q 1-0

[Event "14. Bayer Open"]
[Site "Leverkusen"]
[Date "2016.02.01"]
[Round "3.38"]
[White "Linke, Michael"]
[Black "Haag, Helmut"]
[Result "1-0"]
[WhiteElo "1792"]
[BlackElo "1394"]
[PlyCount "50"]
[EventDate "2016.??.??"]
[WhiteTeam "Ford SF Köln"]
[BlackTeam "Langenfelder SF"]

1. d4 d5 2. c4 Nf6 3. cxd5 Nxd5 4. Nf3 Nc6 5. e4 Nf6 6. Nc3 e6 7. Bb5 Bd7 8.
O-O a6 9. Ba4 Be7 10. a3 Na7 11. Bc2 Bb5 12. Nxb5 Nxb5 13. Qd3 g6 14. Bh6 c5
15. Bg7 Rg8 16. Bxf6 Bxf6 17. e5 Be7 18. Ba4 Qb6 19. Rac1 Kf8 20. Bxb5 axb5 21.
dxc5 Bxc5 22. Ng5 Kg7 23. Qd7 Rgf8 24. Rxc5 Qxc5 25. Nxe6+ Kg8 1-0

[Event "14. Bayer Open"]
[Site "Leverkusen"]
[Date "2016.02.01"]
[Round "3.39"]
[White "Pfister, Jürgen"]
[Black "van Kempen, Heinz"]
[Result "0-1"]
[WhiteElo "1240"]
[BlackElo "1629"]
[PlyCount "60"]
[EventDate "2016.??.??"]
[WhiteTeam "SF Düsseldorf-Süd"]
[BlackTeam "SV Opladen"]

1. e4 c5 2. Nf3 Nc6 3. Bb5 g6 4. c3 Bg7 5. O-O d6 6. h3 Nf6 7. e5 dxe5 8. Nxe5
Bd7 9. Nxc6 bxc6 10. Bc4 O-O 11. d3 Nd5 12. Nd2 Qc8 13. Qf3 Nb6 14. Bb3 Be6 15.
Bc2 c4 16. d4 Bd5 17. Qg3 Nd7 18. Ne4 Nf6 19. Re1 Re8 20. Qh4 Nxe4 21. Bxe4 e5
22. Bc2 exd4 23. Rxe8+ Qxe8 24. cxd4 Qe1+ 25. Kh2 Qe2 26. Ba4 Qf1 27. f3 Re8
28. b3 c3 29. b4 Bxf3 30. Qg3 Re2 0-1

[Event "14. Bayer Open"]
[Site "Leverkusen"]
[Date "2016.02.01"]
[Round "3.40"]
[White "Kaspar, Uwe"]
[Black "Teuber, Alfons"]
[Result "1-0"]
[WhiteElo "1849"]
[BlackElo "1037"]
[PlyCount "83"]
[EventDate "2016.??.??"]
[WhiteTeam "Düsseldorfer SK"]
[BlackTeam "BSW Opladen"]

1. e4 e5 2. Nf3 Nf6 3. Nc3 d6 4. d4 exd4 5. Nxd4 a6 6. f3 Bd7 7. Bc4 Nc6 8. Be3
Na5 9. Bd3 Nc6 10. Qd2 Be7 11. O-O-O Nb4 12. Bc4 O-O 13. g4 b5 14. Be2 c5 15.
Nf5 Bxf5 16. exf5 h6 17. f4 d5 18. a3 d4 19. axb4 dxe3 20. Qxe3 Qc7 21. g5 hxg5
22. fxg5 Nh7 23. f6 Bd8 24. Nd5 Qc6 25. Bd3 Re8 26. Bxh7+ Kf8 27. Qxc5+ Qxc5
28. bxc5 g6 29. h4 Re5 30. Nb6 Bxb6 31. cxb6 Rb8 32. Rd6 a5 33. Rhd1 Ree8 34.
Rc6 b4 35. Rd7 Re1+ 36. Kd2 Rbe8 37. Re7 Re6 38. Rcxe6 Rd8+ 39. Ke2 fxe6 40.
Bxg6 Kg8 41. Re8+ Rxe8 42. Bxe8 1-0

[Event "14. Bayer Open"]
[Site "Leverkusen"]
[Date "2016.02.01"]
[Round "3.41"]
[White "Blumenthal, Ralf"]
[Black "Kayser, Manfred"]
[Result "1-0"]
[WhiteElo "1813"]
[BlackElo "1501"]
[PlyCount "63"]
[EventDate "2016.??.??"]
[WhiteTeam "SK Turm Euskirchen"]
[BlackTeam "Königsspringer Leverkusen"]

1. c4 Nf6 2. d4 e6 3. a3 c5 4. d5 exd5 5. cxd5 d6 6. Nc3 Be7 7. e4 O-O 8. Be2
Nbd7 9. f4 Re8 10. Nf3 Bf8 11. Qc2 a6 12. O-O b5 13. Ng5 h6 14. e5 dxe5 15.
fxe5 Rxe5 16. Nxf7 Rxe2 17. Qxe2 Qe7 18. Qxe7 Bxe7 19. d6 Bf8 20. Nd8 Bxd6 21.
Bf4 Be7 22. Nc6 Bf8 23. Rae1 Bb7 24. Ne5 Nxe5 25. Bxe5 Ng4 26. h3 Nxe5 27. Rxe5
Bd6 28. Re6 Bf8 29. Rb6 Ra7 30. Rd1 c4 31. Rd8 Ba8 32. Rbb8 1-0

[Event "14. Bayer Open"]
[Site "Leverkusen"]
[Date "2016.02.01"]
[Round "3.42"]
[White "Balduan, Karl-Heinz"]
[Black "Kreutzmann, Duke"]
[Result "0-1"]
[WhiteElo "1496"]
[BlackElo "1723"]
[PlyCount "94"]
[EventDate "2016.??.??"]
[WhiteTeam "Königsspringer Leverkusen"]
[BlackTeam "Düsseldorfer SK"]

1. d4 Nf6 2. Nf3 g6 3. Bf4 Bg7 4. e3 O-O 5. c3 d6 6. Nbd2 Nbd7 7. Be2 Qe8 8.
O-O e5 9. dxe5 dxe5 10. Bg3 Qe7 11. Nc4 Nh5 12. Nfd2 Nxg3 13. hxg3 e4 14. Qc2
Nf6 15. Rad1 Re8 16. Kh2 Ng4+ 17. Kg1 Bf5 18. Nb3 a6 19. Nd4 Bd7 20. Rd2 Nf6
21. Nb3 Bg4 22. Rfd1 Bxe2 23. Rxe2 Qe6 24. Ncd2 Qe5 25. Nf1 Qh5 26. Nh2 Qg5 27.
Red2 h5 28. Nd4 h4 29. gxh4 Qxh4 30. Ne2 Bf8 31. g3 Qh6 32. Nf4 Bd6 33. Nd5
Nxd5 34. Rxd5 Kg7 35. Qe2 Rh8 36. f4 exf3 37. Qf2 Rae8 38. R1d3 Rxe3 39. Rxe3
Bxg3 40. Qxg3 Qxe3+ 41. Kf1 Qe2+ 42. Kg1 Rxh2 43. Qe5+ Qxe5 44. Rxe5 Rxb2 45.
a4 Kh6 46. Re3 f2+ 47. Kf1 f5 0-1

[Event "14. Bayer Open"]
[Site "Leverkusen"]
[Date "2016.02.01"]
[Round "3.43"]
[White "Kronseder, Michael"]
[Black "van Kempen, Susanne"]
[Result "1-0"]
[WhiteElo "1685"]
[BlackElo "1463"]
[PlyCount "55"]
[EventDate "2016.??.??"]
[WhiteTeam "SV Hürth-Berrenrath"]
[BlackTeam "SV Opladen"]

1. e4 e5 2. Nc3 Nf6 3. f4 d6 4. Nf3 Nbd7 5. Bc4 Nb6 6. Bb3 exf4 7. d4 Be6 8. d5
Bg4 9. Bxf4 Be7 10. O-O O-O 11. Qd3 Bxf3 12. Rxf3 Nbd7 13. Rh3 Ne5 14. Bxe5
dxe5 15. Rf1 Bd6 16. Qg3 Ne8 17. Rf5 g6 18. Rxe5 Bc5+ 19. Kh1 Qf6 20. Rf5 Qg7
21. Rf1 Nd6 22. Qh4 Rad8 23. Na4 Bb6 24. c4 Bd4 25. c5 Nc8 26. d6 cxd6 27. Rxf7
Kh8 28. Qxh7+ 1-0

[Event "14. Bayer Open"]
[Site "Leverkusen"]
[Date "2016.02.01"]
[Round "3.44"]
[White "Esser, Heinz"]
[Black "Ipekyilmaz, Tayfun"]
[Result "1/2-1/2"]
[WhiteElo "1360"]
[BlackElo "1600"]
[PlyCount "66"]
[EventDate "2016.??.??"]
[WhiteTeam "SV Dormagen"]
[BlackTeam "Langenfelder SF"]

1. c4 Nf6 2. g3 c5 3. Bg2 Nc6 4. e3 g6 5. Nc3 Bg7 6. Nge2 O-O 7. O-O Ne5 8. d3
d6 9. f4 Nc6 10. h3 h5 11. a3 Bd7 12. e4 Qc8 13. f5 gxf5 14. exf5 Bxf5 15. Nf4
Bg6 16. Ncd5 Nxd5 17. Bxd5 Kh7 18. Kh2 h4 19. Nh5 hxg3+ 20. Kg2 Be5 21. Qd2 e6
22. Qh6+ Kg8 23. Rf6 Bxh5 24. Qxh5 Bxf6 25. Be4 Re8 26. Bh6 Ne5 27. Rf1 Bg7 28.
Bg5 f5 29. Bf3 Nxf3 30. Rxf3 Qc6 31. Qg6 Kf8 32. Bf6 Bxf6 33. Qxf6+ Kg8 1/2-1/2

[Event "14. Bayer Open"]
[Site "Leverkusen"]
[Date "2016.02.01"]
[Round "3.45"]
[White "Stuch, Hans-Ferdinand"]
[Black "Müller, Horst"]
[Result "0-1"]
[WhiteElo "1659"]
[BlackElo "1487"]
[PlyCount "59"]
[EventDate "2016.??.??"]
[WhiteTeam "SC Bonn Beuel"]
[BlackTeam "SV Springer Hitdorf"]

1. c4 Nf6 2. g3 g6 3. Nc3 Bg7 4. Bg2 d6 5. e4 e5 6. Nge2 O-O 7. O-O c5 8. d3
Nc6 9. h3 a6 10. f4 exf4 11. Nxf4 Nd4 12. Be3 Ne6 13. g4 h6 14. Qd2 Kh7 15.
Nfd5 Nd7 16. Ne2 b5 17. Rf2 bxc4 18. dxc4 Rb8 19. Rb1 Ne5 20. Qc2 Qh4 21. b3 h5
22. gxh5 gxh5 23. Nef4 Ng5 24. Qe2 Nxh3+ 25. Bxh3 Bxh3 26. Qxh5+ Qxh5 27. Nxh5
Nxc4 28. Nhf6+ {Notation nicht eindeutig, event. Zugumstellung.} (28. Ndf6+
Bxf6 29. Nxf6+ Kg7 30. Nd7) 28... Bxf6 29. Nxf6+ Kg6 30. Nd7 0-1

[Event "14. Bayer Open"]
[Site "Leverkusen"]
[Date "2016.02.01"]
[Round "3.46"]
[White "Weirich, Ralf"]
[Black "Falge, Rainer"]
[Result "1/2-1/2"]
[WhiteElo "1229"]
[BlackElo "1536"]
[PlyCount "80"]
[EventDate "2016.??.??"]
[WhiteTeam "TV Witzhelden"]
[BlackTeam "SG Solingen"]

1. e4 d6 2. d4 Nf6 3. Nc3 g6 4. Nf3 Bg7 5. Be3 O-O 6. Bd3 Nbd7 7. Qd2 Ng4 8. h3
Nxe3 9. fxe3 e5 10. d5 Nc5 11. Be2 f5 12. O-O-O fxe4 13. Nh2 Qh4 14. Qe1 Qg5
15. Ng4 a6 16. h4 Qe7 17. g3 h5 18. Nf2 Bh6 19. Bf1 Rf3 20. Kb1 Rxe3 21. Be2
Bf5 22. Qg1 Kh7 23. g4 hxg4 24. Bxg4 Nd7 25. h5 Qg5 26. hxg6+ Kxg6 27. Rxh6+
Qxh6 28. Bxf5+ Kxf5 29. Ng4 Qg5 30. Nxe3+ Kg6 31. Nxe4 Qxg1 32. Rxg1+ Kf7 33.
Ng5+ Kf6 34. Ne6 Rc8 35. Rg7 Rh8 36. b3 Nf8 37. Nxf8 Kxg7 38. Ne6+ Kf6 39. Nxc7
e4 40. c4 Ke5 1/2-1/2

[Event "14. Bayer Open"]
[Site "Leverkusen"]
[Date "2016.02.01"]
[Round "3.47"]
[White "Paul, André David"]
[Black "Holz, Peter"]
[Result "0-1"]
[WhiteElo "1492"]
[BlackElo "1306"]
[PlyCount "73"]
[EventDate "2016.??.??"]
[WhiteTeam "Kölner SK Dr. Lasker"]
[BlackTeam "Pulheimer SC"]

1. d4 b6 2. c4 e6 3. Nc3 Nf6 4. e4 d6 5. Be3 Bb7 6. f3 h6 7. Bd3 Be7 8. Nge2
Qd7 9. Qc2 Nc6 10. a3 Nh7 11. b4 e5 12. d5 Nd8 13. Ng3 Bh4 14. Bf2 c6 15. Nf5
Bxf2+ 16. Qxf2 f6 17. Qg3 Kf8 18. O-O Bc8 19. Rad1 c5 20. Qg6 Nb7 21. Ne2 Qf7
22. Qxf7+ Kxf7 23. Ne3 Bd7 24. b5 a6 25. Ra1 Na5 26. Rfb1 axb5 27. cxb5 Rhc8
28. Nc4 Nxc4 29. Bxc4 Ra5 30. a4 Rca8 31. Nc3 Kg6 32. Kf2 f5 33. Rb2 h5 34. h4
Nf6 35. exf5+ Bxf5 36. g4 Bd7 37. Rba2 {Weiß überschritt die Zeit.} 0-1

[Event "14. Bayer Open"]
[Site "Leverkusen"]
[Date "2016.02.01"]
[Round "3.48"]
[White "Klees, Robert"]
[Black "Lechner, Alexander"]
[Result "0-1"]
[WhiteElo "1349"]
[BlackElo "1791"]
[PlyCount "52"]
[EventDate "2016.??.??"]
[WhiteTeam "SF Düsseldorf-Süd"]
[BlackTeam "Düsseldorfer SK"]

1. e4 c5 2. d4 cxd4 3. c3 Nf6 4. e5 Nd5 5. c4 Nb4 6. Nf3 Qb6 7. a3 N4c6 8. b4
Qc7 9. Bf4 e6 10. c5 b6 11. b5 Na5 12. Nxd4 Qxc5 13. Nf3 Bb7 14. Be3 Qd5 15.
Nbd2 Be7 16. Bd4 a6 17. a4 Bb4 18. Bxb6 Nb3 19. Ra2 Nxd2 20. Rxd2 Bxd2+ 21.
Qxd2 Qxd2+ 22. Nxd2 axb5 23. axb5 Ra1+ 24. Ke2 O-O 25. Nb3 Rb1 26. Nc5 Bd5 0-1

[Event "14. Bayer Open"]
[Site "Leverkusen"]
[Date "2016.02.01"]
[Round "3.49"]
[White "Prößdorf, Lennard"]
[Black "Ipekyilmaz, Mert"]
[Result "1-0"]
[WhiteElo "1530"]
[BlackElo "1427"]
[PlyCount "53"]
[EventDate "2016.??.??"]
[WhiteTeam "SC Bayer Leverkusen"]
[BlackTeam "Langenfelder SF"]

1. e4 e6 2. d4 d5 3. Nc3 Bb4 4. exd5 exd5 5. Bd3 Ne7 6. Nge2 Bf5 7. O-O O-O 8.
Ng3 Bg6 9. Nce2 Bd6 10. f4 f5 11. c4 c6 12. Qb3 Qb6 13. Qc2 Qd8 14. c5 Bc7 15.
b4 a6 16. a4 Kh8 17. Bd2 Qd7 18. Kh1 Kg8 19. Ng1 Qc8 20. Rae1 Re8 21. Nf3 Kh8
22. Nxf5 Nxf5 23. Bxf5 Rxe1 24. Rxe1 Bxf5 25. Qxf5 Qd8 26. Ng5 g6 27. Qf7 1-0

[Event "14. Bayer Open"]
[Site "Leverkusen"]
[Date "2016.02.01"]
[Round "3.50"]
[White "Dörper, Georg"]
[Black "Hoeper, Heinz-Joachim"]
[Result "1/2-1/2"]
[WhiteElo "1340"]
[BlackElo "1485"]
[PlyCount "55"]
[EventDate "2016.??.??"]
[WhiteTeam "SF Düsseldorf-Süd"]
[BlackTeam "Pulheimer SC"]

1. d4 Nf6 2. c4 e5 3. dxe5 Ne4 4. Nf3 g6 5. Nbd2 Bb4 6. a3 Bxd2+ 7. Bxd2 O-O 8.
Qc2 Nxd2 9. Qxd2 Nc6 10. e3 Re8 11. Be2 b6 12. O-O Nxe5 13. Nxe5 Rxe5 14. f4
Re7 15. Bf3 Rb8 16. Rae1 Re6 17. e4 Rd6 18. Qf2 Ba6 19. b3 c5 20. e5 Rd4 21.
Bd5 b5 22. f5 g5 23. Qf3 g4 24. Qe3 Qh4 25. g3 Qh5 26. Rf4 b4 27. Rxd4 cxd4 28.
Qxd4 {Hier wurde das Spiel unterbrochen, da die Stellung auf dem Hauptbrett 
nicht mehr mit der Stellung auf dem Brett von SF Hoeper - er ist stark 
sehbehindert und benutzt aus diesem Grund ein eigenes Spezialbrett - 
übereinstimmte. Man einigte sich dann auf Remis.} 1/2-1/2

[Event "14. Bayer Open"]
[Site "Leverkusen"]
[Date "2016.02.01"]
[Round "3.51"]
[White "Domnick, Michael"]
[Black "Hoferichter, Michael"]
[Result "1-0"]
[WhiteElo "1800"]
[BlackElo "1375"]
[PlyCount "79"]
[EventDate "2016.??.??"]
[WhiteTeam "TV Witzhelden"]
[BlackTeam "Klub Kölner SF"]

1. d4 d5 2. Nf3 Nf6 3. c4 c6 4. a3 e6 5. Nbd2 Nbd7 6. b4 b6 7. Bb2 c5 8. cxd5
exd5 9. bxc5 bxc5 10. dxc5 Bxc5 11. e3 Rb8 12. Qc2 O-O 13. Bd3 Re8 14. O-O h6
15. Bf5 Qc7 16. Rac1 Qb6 17. Rb1 Qd8 18. Bxf6 Qxf6 19. Bxd7 Bxd7 20. Rxb8 Rxb8
21. Qxc5 Rb2 22. Qxd5 Bc6 23. Qd4 Ra2 24. Qxf6 gxf6 25. Rc1 Bb5 26. Nd4 Bd3 27.
N2b3 Rb2 28. Ra1 Bc4 29. Na5 Bd5 30. Nac6 Rb7 31. a4 Kg7 32. a5 a6 33. g4 Kg6
34. Rc1 Kg5 35. h3 Kh4 36. Kh2 Rb2 37. Nf5+ Kg5 38. Kg3 h5 39. f4+ Kg6 40.
Nfe7+ 1-0

[Event "14. Bayer Open"]
[Site "Leverkusen"]
[Date "2016.02.01"]
[Round "3.52"]
[White "Yon, Gregory"]
[Black "Milz, Ulrich"]
[Result "1-0"]
[WhiteElo "1426"]
[BlackElo "1474"]
[PlyCount "111"]
[EventDate "2016.??.??"]
[WhiteTeam "Bergische SF"]
[BlackTeam "SC Bayer Leverkusen"]

1. e4 b6 2. Nf3 Bb7 3. Nc3 e6 4. Be2 Nf6 5. d3 h6 6. O-O c5 7. h3 Nc6 8. Be3 a6
9. e5 Nd5 10. Nxd5 exd5 11. d4 c4 12. c3 Be7 13. Nh2 O-O 14. Qd2 Bg5 15. f4 Bh4
16. Bg4 f5 17. Bh5 Kh7 18. Bf2 b5 19. g3 Be7 20. Qc2 g6 21. Bf3 Na5 22. Rfe1
Qb6 23. Nf1 g5 24. Bh5 Qe6 25. g4 gxf4 26. Nd2 Kh8 27. Nf3 Rg8 28. Kf1 fxg4 29.
hxg4 Raf8 30. Ke2 d6 31. Kd2 dxe5 32. Nxe5 Qd6 33. Ng6+ Rxg6 34. Bxg6 Bg5 35.
Rh1 Bc8 36. Bf5 Bxf5 37. gxf5 Nc6 38. Rag1 Kg7 39. Bh4 Qf6 40. Bxg5 hxg5 41.
Rh5 Ne7 42. Rgxg5+ Kf7 43. Qb1 Ke8 44. Qe1 Kd7 45. Qe5 f3 46. Qxf6 Rxf6 47. Ke3
a5 48. Kxf3 b4 49. Kf4 bxc3 50. bxc3 Nc6 51. Rh7+ Kd6 52. Rg6 Rxg6 53. fxg6 Ke6
54. Kg5 Ne7 55. Rxe7+ Kxe7 56. Kh6 1-0

[Event "14. Bayer Open"]
[Site "Leverkusen"]
[Date "2016.02.01"]
[Round "3.53"]
[White "Rist, Kurt"]
[Black "Longerich, Hans-Peter"]
[Result "1-0"]
[WhiteElo "1450"]
[BlackElo "1458"]
[PlyCount "69"]
[EventDate "2016.??.??"]
[WhiteTeam "SG Solingen"]
[BlackTeam "SC Bayer Leverkusen"]

1. e4 c6 2. d4 d5 3. Nc3 dxe4 4. Nxe4 Nd7 5. Nf3 Ngf6 6. Nxf6+ Nxf6 7. Ne5 e6
8. Be2 Be7 9. O-O O-O 10. Bd3 g6 11. c3 Nd7 12. Bh6 Re8 13. Nf3 Bf6 14. Qd2 Bg7
15. Rfe1 Nf6 16. Bg5 Qd6 17. Ne5 Nd7 18. Ng4 Qf8 19. Bc4 Kh8 20. Re3 h5 21. Rh3
Kg8 22. Nh6+ Kh7 23. Ng4 Kg8 24. Nh6+ Kh7 25. Ng4 Kg8 26. Ne3 Nf6 27. Bd3 Nh7
28. Bh4 e5 29. Rg3 exd4 30. cxd4 Bxd4 31. Nf5 Bxf5 32. Bxf5 Rad8 33. Bxd8 Rxd8
34. Qe2 Re8 35. Qc4 1-0

[Event "14. Bayer Open"]
[Site "Leverkusen"]
[Date "2016.02.01"]
[Round "3.54"]
[White "Azimi, Reza"]
[Black "Jacobi, Bernd"]
[Result "0-1"]
[WhiteElo "1366"]
[BlackElo "1465"]
[PlyCount "76"]
[EventDate "2016.??.??"]
[WhiteTeam "Schachuzipus Köln-Mülheim"]
[BlackTeam "Langenfelder SF"]

1. e4 e6 2. d4 d5 3. exd5 exd5 4. Nf3 Bd6 5. Bd3 Nf6 6. O-O O-O 7. Bg5 h6 8.
Bh4 Be6 9. Ne5 c5 10. c3 Nbd7 11. f4 Nb6 12. Nd2 Be7 13. Ndf3 Ng4 14. Bxe7 Qxe7
15. Nxg4 Bxg4 16. Re1 Qd6 17. f5 Qf4 18. Re5 f6 19. Re7 cxd4 20. Be2 dxc3 21.
bxc3 Rfe8 22. Rxe8+ Rxe8 23. Bb5 Re3 24. Be2 Bxf5 25. Rc1 Be4 26. Nd4 Qg5 27.
Bf1 Nc4 28. Ne2 Nb2 29. Qd2 Nd3 30. Rd1 Ne5 31. Ng3 h5 32. Nxe4 dxe4 33. Be2
Nf3+ 34. Bxf3 exf3 35. g3 Qc5 36. Qf2 Qxc3 37. h4 Re2 38. Qf1 Qe3+ {Ab hier wir
d es unklar, denn in beiden Notationen folgt: 39.Td8+ Kh7 40.Db1+ De4 41.Dxe4 
Txe4 etc. Anscheinend wurde das Schachgebot übersehen.} 0-1